| 000 | 00364nam a22001697a 4500 | ||
|---|---|---|---|
| 003 | SGT | ||
| 020 | _a9780702051449 | ||
| 082 |
_a614.4 _bP14R |
||
| 100 | _aREES, JUDITH A . ed | ||
| 245 | _aPHARMACEUTICAL PRACTICE | ||
| 250 | _a5th | ||
| 260 |
_aLONDON _bELSEVIER _c2014 |
||
| 300 | _a552 | ||
| 650 | _aPRACTICE | ||
| 653 | _aPHARMACEUTICAL | ||
| 942 |
_2ddc _cBK |
||
| 999 |
_c22940 _d22940 |
||